Acta Physica: magazime

Dades bibliogràfiques
Autor corporatiu: Academiae Scientiarum Hungaricae
Idioma:anglès
Publicat: Budapest, Academiai Kiado, 1957-1990
Matèries:
Format: MixedMaterials Publicació Periòdica
KOHA link:https://koha.lib.tpu.ru/cgi-bin/koha/opac-detail.pl?biblionumber=380279

MARC

LEADER 00000nas1a2200000 4500
001 380279
005 20231101062645.0
035 |a (RuTPU)RU\TPU\prd\1101 
035 |a BOOK00001102 
090 |a 380279 
100 |a 20011210d19571990k y0laty50 ba 
101 0 |a eng 
102 |a HU 
110 |a aea uu0 
200 1 |a Acta Physica  |e magazime  |f Academiae Scientiarum Hungaricae 
210 |a Budapest  |c Academiai Kiado  |d 1957-1990 
326 |a 8 номеров в год 
610 1 |a физика 
610 1 |a физика твердого тела 
712 0 2 |a Academiae Scientiarum Hungaricae 
801 0 |a RU  |b 63413507  |c 20011210  |g PSBO 
801 2 |a RU  |b 63413507  |c 20161013  |g RCR 
942 |c CR